000 01012nem a22002057a 4500
005 20160525081504.0
008 160421b2002 ck ||||| |a|| 00| 0 spa d
040 _aCO-BoIAVH
_cCO-BoIAVH
041 _aspa
044 _ack
090 _aMC-
_b0018
110 2 _aInstituto de Investigación de Recursos Biológicos Alexander von Humbolt.
_963192
245 1 _aCobertura vegetal y uso de suelos zona piloto ensillada pan de azúcar
_bProyecto de representatividad y caracterización ecológica rápida de los corredores de conservación para el SIRAP- Huila
_cInstituto de Investigación de recursos biológicos Alexander Von Humboldt.
_h[Material Cartografico]
255 _a1:75.000
_c(N 4°35'56,57" /O 74°04'51,30)
260 _aBogotá
_bInstituto de Investigación de Recursos Biológicos Alexander von Humboldt.,
_c2002
300 _a1 mapa
_bColor
_c28 x 42 cm
650 _aSuelos cultivables
_970128
710 2 _aCorporación Autónoma Regional del Alto Magdalena
_bColombia
_970129
942 _2z
_cMapa
999 _c18317
_d18317